MARC details
| 000 -LEADER |
| fixed length control field |
01027nam a2200253 a 4500 |
| 008 - FIXED-LENGTH DATA ELEMENTS--GENERAL INFORMATION |
| fixed length control field |
120416s1994 ||||||||||||||||| || u |
| 020 ## - INTERNATIONAL STANDARD BOOK NUMBER |
| International Standard Book Number |
0340595027 |
| 050 ## - LIBRARY OF CONGRESS CALL NUMBER |
| Classification number |
HD 82 Aut |
| 100 ## - MAIN ENTRY--PERSONAL NAME |
| Personal name |
Auty, R. M. (Richard M.) |
| 245 10 - TITLE STATEMENT |
| Title |
Patterns of development |
| 246 ## - VARYING FORM OF TITLE |
| Title proper/short title |
resources, policy and economic growth |
| 260 ## - PUBLICATION, DISTRIBUTION, ETC. |
| Place of publication, distribution, etc. |
London |
| Name of publisher, distributor, etc. |
Edward Arnold |
| Date of publication, distribution, etc. |
1994 |
| 300 ## - PHYSICAL DESCRIPTION |
| Extent |
xii, 300p. : ill. |
| 350 ## - PRICE (NR) (BK AM CF MU VM SE) [OBSOLETE] |
| Price |
0.00 |
| 500 ## - GENERAL NOTE |
| General note |
Includes bibliographical references (p. [273]-286) and index. |
| 650 #0 - SUBJECT ADDED ENTRY--TOPICAL TERM |
| Topical term or geographic name entry element |
ECONOMIC DEVELOPMENT--AFRICA, SUB-SAHARAN |
| 650 #0 - SUBJECT ADDED ENTRY--TOPICAL TERM |
| Topical term or geographic name entry element |
MANAGEMENT |
| 650 #0 - SUBJECT ADDED ENTRY--TOPICAL TERM |
| Topical term or geographic name entry element |
DEVELOPING COUNTRIES--ECONOMIC POLICY |
| 650 ## - SUBJECT ADDED ENTRY--TOPICAL TERM |
| Topical term or geographic name entry element |
INCOME DISTRIBUTION--DEVELOPING COUNTRIES |
| 650 #0 - SUBJECT ADDED ENTRY--TOPICAL TERM |
| Topical term or geographic name entry element |
ECONOMIC DEVELOPMENT--ENVIRONMENTAL ASPECTS |
| 650 #0 - SUBJECT ADDED ENTRY--TOPICAL TERM |
| Topical term or geographic name entry element |
DEVELOPING COUNTRIES--ECONOMIC CONDITIONS |
| 856 ## - ELECTRONIC LOCATION AND ACCESS |
| Uniform Resource Identifier |
<a href="http://www.loc.gov/catdir/enhancements/fy0604/95176209-d.html">http://www.loc.gov/catdir/enhancements/fy0604/95176209-d.html</a> |
| 995 ## - RECOMMENDATION 995 [LOCAL, UNIMARC FRANCE] |
| -- |
0.00 |
| -- |
CBU-MAIN LIBRARY (Kitwe) |
| -- |
1 |
| -- |
14.99 |
| -- |
1 |
| -- |
AVAILABLE |
| -- |
Main Library Open Access Collection |